• 首页
  • 本馆介绍
  • 公告通知
  • 最新文献
  • 馆藏检索
  • 电子资源
  • 读者导购
  • 参考咨询
  • 我的图书馆
  • 登录
  • 详细信息显示
  • 放入我的书架
  • 预约/预借图书
  • 作者相关作品
  • 分类相关作品
  • 丛书相关作品
  • 出版社相关作品

书目信息

  • 表格格式
  • 工作单格式
  • 卡片格式
题名:
中国学术史
    
 
作者: 李学勤 主编 ;朱汉民 , 章启辉 著
分册: 上   宋元卷
出版信息: 南昌   江西教育出版社  2001
页数: 454页
开本: 19cm
丛书名:
单 册:
中图分类: C092
科图分类:
主题词: 学术思想--思想史--宋代 , 学样思想--思想史--中国--元代
电子资源:
ISBN: 7-5392-3489-X
000 00753nam0 2200241 45
001 0311112251
005 20031219104121.2
010    @a7-5392-3489-X@b精装@dCNY110.00
100    @a20031111d2001 km y0chiy0120 ea
101 0  @achi
105    @a z 000yy
200 1  @a中国学术史@i宋元卷@h上@AZhong Guo Xue Shu Shi@f李学勤主编@FLi Xue Qin Zhu Bian@g朱汉民,章启辉著
210    @a南昌@c江西教育出版社@d2001
215    @a454页@d19cm
517    @a宋元卷@ASong Yuan Juan
606 0  @a学术思想@x思想史@z宋代
606 0  @a学样思想@x思想史@y中国@z元代
690    @aC092@v4
701  0 @a李学勤@4主编
702  0 @a朱汉民@AZhu Han Min@4著
702  0 @a章启辉@AZhang Qi Hui@4著
801    @aCN@bTSTC@c20031111
905    @a213230@b327908-910@dC092@e23:7@f3
    
    中国学术史.宋元卷.上/李学勤主编/朱汉民,章启辉著.-南昌:江西教育出版社,2001
    454页;19cm
    
    
    ISBN 7-5392-3489-X(精装):CNY110.00
    
●
相关链接 在E读中查询图书 在五车中查询图书 在当当中查询图书 在豆瓣中查询图书


正题名:中国学术史     索取号:C092/23:7         预约/预借

序号 登录号 条形码 馆藏地/架位号 状态 备注
1 0327908   203279086   第一借阅区/ [索取号:C092/23:7] 在馆    
2 0327909   203279095   第一借阅区/ [索取号:C092/23:7] 在馆    
3 0327910   203279102   第一样本阅览室/ [索取号:C092/23:7] 在馆    
唐山师范学院图书馆 欢迎您!
大连网信软件有限公司© 版权所有